Автономные системы энергоснабжения

書誌詳細
第一著者: Зайченко В. М. Виктор Михайлович
その他の著者: Чернявский А. А. Адольф Александрович
要約:В книге изложены результаты исследований в области создания новых энергетических технологий на базе совместных разработок Объединенного института высоких температур Российской академии наук (ОИВТ РАН), Москва, и Научно-исследователь­ского и проектно-изыскательского института «Ростовтеплоэлек-тропроект» (РоТЭП), Ростов-на-Дону, входящего в состав объ­единения ОАО «ENEX» (энергетические эксперты), Краснодар.Основное внимание в книге авторами уделено отечественным разработкам, перспективам использования новых технических решений применительно к условиям нашей страны, при этом обзорные рассмотрения существующего зарубежного опыта при­ведены только в тех случаях, когда это необходимо для понима­ния общих перспектив развития энергетики.
言語:ロシア語
出版事項: Москва, Недра, 2015
主題:
フォーマット: MixedMaterials 図書
KOHA link:https://koha.lib.tpu.ru/cgi-bin/koha/opac-detail.pl?biblionumber=308999

MARC

LEADER 00000nam0a2200000 4500
001 308999
005 20231102002140.0
010 |a 9785836504588 
035 |a (RuTPU)RU\TPU\book\334320 
090 |a 308999 
100 |a 20151109d2015 k y0rusy50 ca 
101 0 |a rus 
102 |a RU 
105 |a a z 001zy 
200 1 |a Автономные системы энергоснабжения  |f В. М. Зайченко, А. А. Чернявский 
210 |a Москва  |c Недра  |d 2015 
215 |a 286 с.  |c ил. 
320 |a Библиогр.: с. 280-283. 
320 |a Список сокращений и условных обозначений: с. 274-279. 
330 |a В книге изложены результаты исследований в области создания новых энергетических технологий на базе совместных разработок Объединенного института высоких температур Российской академии наук (ОИВТ РАН), Москва, и Научно-исследователь­ского и проектно-изыскательского института «Ростовтеплоэлек-тропроект» (РоТЭП), Ростов-на-Дону, входящего в состав объ­единения ОАО «ENEX» (энергетические эксперты), Краснодар.Основное внимание в книге авторами уделено отечественным разработкам, перспективам использования новых технических решений применительно к условиям нашей страны, при этом обзорные рассмотрения существующего зарубежного опыта при­ведены только в тех случаях, когда это необходимо для понима­ния общих перспектив развития энергетики. 
606 1 |a Электроснабжение автономное  |2 stltpush  |3 (RuTPU)RU\TPU\subj\72949  |9 86272 
610 1 |a малые автономные электроустановки 
610 1 |a генерирующее оборудование 
610 1 |a газопоршневые установки 
610 1 |a топливоснабжение 
610 1 |a автономные системы 
610 1 |a структурные схемы 
610 1 |a сжиженные газы 
610 1 |a использование 
610 1 |a инвестиции 
610 1 |a финансово-коммерческая деятельность 
610 1 |a возобновляемые источники энергии 
610 1 |a малые газопоршневые электростанции 
610 1 |a отечественные разработки 
610 1 |a зарубежный опыт 
675 |a 621.31.031  |v 4 
700 1 |a Зайченко  |b В. М.  |g Виктор Михайлович 
701 1 |a Чернявский  |b А. А.  |g Адольф Александрович 
801 1 |a RU  |b 63413507  |c 20151109 
801 2 |a RU  |b 63413507  |c 20160609  |g RCR 
900 |a Энергоснабжение 
900 |a Автономные системы электроснабжения 
942 |c BK 
959 |a 133/20151027  |d 2  |e 1420,00  |f ЧЗТЛ:2 
959 |a 22/20160216  |d 3  |e 0  |f ЧЗТЛ:1  |f УФ:2